000 00561nam a2200217Ia 4500
008 160319s9999 xx 000 0 und d
020 _a971-8591-07-9
050 _aFIL GR 325
050 _b.M38 1993 c.2
100 _aMateo, Renato R.
245 _aMga Alamat at iba pang kuwento /
245 _cRenato R. Mateo.
260 _aManila :
260 _bArenar Books Mrktng.,
260 _c1993
300 _a96 pages :
300 _billustrations ;
300 _c22 cm.
650 _aFolklore -- Philippines.
650 _xLegends -- Philippines.
999 _c291713
_d291713